header

Wildlife, conservation, and conflict in Quebec, 1840-1914 (Record no. 11048)

MARC details
000 -LEADER
fixed length control field 01279nam a2200301Ia 4500
100 1# - MAIN ENTRY--AUTHOR NAME
Personal name Ingram, Darcy.
245 10 - TITLE STATEMENT
Title Wildlife, conservation, and conflict in Quebec, 1840-1914
260 ## - PUBLICATION, DISTRIBUTION, ETC. (IMPRINT)
Place of publication Vancouver :
Name of publisher UBC Press,
Year of publication 2013.
300 ## - PHYSICAL DESCRIPTION
Number of Pages xxvii, 272 p. :
Other physical details ill.
490 0# - SERIES STATEMENT
Series statement The nature | history | society series
650 #0 - SUBJECT ADDED ENTRY--TOPICAL TERM
Topical Term Wildlife conservation
Topical Term Wildlife conservation
856 40 - ELECTRONIC LOCATION AND ACCESS
Uniform Resource Identifier http://site.ebrary.com/lib/rucke/Doc?id=10689938

No items available.

© 2026 Rongo University
Contact us: librarian | system librarian | Rongo university